000 00593cam a2200193 4500500
005 20260405000442.0
041 _afre
042 _adc
100 1 0 _aCerf, Juliette
_eauthor
245 0 0 _aJean-Pierre Vernant. Le maître libérateur
260 _c2007.
500 _a97
690 _aGrèce Antique
690 _aHéllénisme
690 _aJean-Pierre Vernant
690 _aPhilosophe
786 0 _nPhilosophie magazine | 11 | 7 | 2007-07-01 | p. 31-32 | 1951-1787
856 4 1 _uhttps://shs.cairn.info/magazine-philosophie-magazine-2007-7-page-31?lang=fr&redirect-ssocas=7080
999 _c2037240
_d2037240